Cacciatori Del Mare Le vere avventure di un maestro dell'avventura

Guardado en:
Detalles Bibliográficos
Autor principal: Clive Cussler&Craig Dirgo
Formato: Libro
Lenguaje:lengua desconocida
Publicado: Longanesi&C.
Etiquetas: Agregar Etiqueta
Sin Etiquetas, Sea el primero en etiquetar este registro!

MARC

LEADER 00000nam a2200000Ia 4500
001 R-482
003 CODICE-MESSINA
005 20260212102452.0
008 260211s9999 xx 000 0 und d
040 |c importazione_messina 
100 |a Clive Cussler&Craig Dirgo 
245 0 |a Cacciatori Del Mare 
245 0 |b Le vere avventure di un maestro dell'avventura 
260 |b Longanesi&C. 
942 |2 ddc  |c BK 
952 |0 0  |1 0  |2 ddc  |4 0  |6 SCAFFALE_4_000000000000000__ROMANZI  |7 0  |9 31302  |a ME  |b ME  |d 2026-02-11  |l 0  |o SCAFFALE 4 - ROMANZI  |p R-482  |r 2026-02-11 23:52:28  |w 2026-02-11  |x [REVISIONARE]  |y BK 
999 |c 26966  |d 26966